000
nam a22 7a 4500
999
_c
40500
_d
40500
003
OSt
005
20170916151026.0
008
170916b xxu||||| |||| 00| 0 eng d
040
_c
sero soft
100
_a
K,kutty sures
245
_a
foundations of sports & exercise psychology
260
_a
delhi
_b
sports pub
300
_a
131
942
_2
ddc
_c
01